LEADER 00799nam0 2200241 450 001 000015474 005 20181107125154.0 100 $a20080821d1948----km-y0itay50------ba 101 0 $afre 102 $aFR 105 $ay-------001yy 200 1 $a<>réforme de l'entreprise$eétude critique sur les possibilités d'une tierce solution$fPierre Lassègue$gpréface de Maurice Byé 210 $aParis$cLibrairie du recueil Sirey$d1948 215 $aVI, 459 p.$d25 cm 500 10$a<>réforme de l'entreprise$935685 676 $a338.763$v18 700 1$aLassègue,$bPierre$0372058 702 1$aByé,$bMaurice$4070 801 0$aIT$bUNIPARTHENOPE$c20080821$gRICA$2UNIMARC 912 $a000015474 951 $a338.763/100$b13295$cNAVA4 996 $aRéforme de l'entreprise$935685 997 $aUNIPARTHENOPE LEADER 01071nam 22003853 450 001 9910162742003321 005 20230810001817.0 035 $a(CKB)3710000001024903 035 $a(MiAaPQ)EBC6055440 035 $a(Au-PeEL)EBL6055440 035 $a(OCoLC)1156071584 035 $a(EXLCZ)993710000001024903 100 $a20210901d2017 uy 0 101 0 $aeng 135 $aurcnu|||||||| 181 $ctxt$2rdacontent 182 $cc$2rdamedia 183 $acr$2rdacarrier 200 10$aShadows on the Lake $eA Stefania Valenti Mystery 210 1$aEast Rutherford :$cPenguin Publishing Group,$d2017. 210 4$d©2017. 215 $a1 online resource (234 pages) 311 $a0-14-312725-X 311 $a0-698-18572-2 676 $a853/.92 700 $aCocco$b Giovanni$0309202 701 $aMagella$b Amneris$01247515 701 $aSartarelli$b Stephen$01247516 801 0$bMiAaPQ 801 1$bMiAaPQ 801 2$bMiAaPQ 906 $aBOOK 912 $a9910162742003321 996 $aShadows on the Lake$92891926 997 $aUNINA